01085nam a2200253 u 450000100100000000500170001000800410002702000180006804000250008608200200011110000240013124500410015526000410019630000200023759000280025750000570028565000290034265000310037191000370040295201330043995201180057295201240069099900170081400002074720240412074249.0100813s2015 dr 000 j spa d a9789945588590 aDO-SdBNPbspacBNPHU aRD863.44bS715a1 aSosa, Carlos93807310aAcuarela en si bemol /cCarlos Sosa. aSanto Domingo :bRumbo Norte,c2015. a73 p. ;c23 cm. aInventariado, 2020 / DG aIncluye datos biográficos del autor en las solapas 0aCuentos dominicanos9176 0aLiteratura dominicana.967 aValidado. Control de calidad MFF 001054708DSaGRbGRcHDd2017-05-03iLF1l0oRD863.44 S715ap20747-40r2020-06-25te. 3w2020-06-25yLFDSZPréstamo en sala 0010718PDaPDbPDcHDd2014-03-27iLF1l0oRD863.44 S715ap20747-10r2020-06-25w2020-06-25yLFPDZNo se presta 0010718PDaPDbPDcHDd2017-05-03iLF1l0oRD863.44 S715ap20747-30r2020-06-25te. 2w2020-06-25yLFPDZNo se presta c20251d20251